000 00418cam a22001333u 4500
082 _a624.1773
_bCRO
_cD
100 _aM. asce, hardy cross
_942997
245 0 0 _aAnalysis of continuous frames by distributing fixed-end moments
_bHardy cross, m. asce
260 _aNew york
_bTransactions
_cc1932.
300 _a156 p.
_bill.
_c20 cm.
526 _a0
_b0
_c0
_d624_177300000000000_CRO
650 _aMCE
_9379
942 _2ddc
_cBK
999 _c546806
_d546806